[Event "ESP Ch"]
[Site "ESP"]
[Date "1993.??.??"]
[Round "5"]
[White "Narciso Dublan, Marc"]
[Black "Sanz Alonso, Francisco Javier"]
[Result "0-1"]
[WhiteElo "2280"]
[BlackElo "2410"]
[PlyCount "82"]
[EventDate "1993.08.??"]
[Source "www.chesslib.no"]
[SourceDate "2004.05.04"]

1. e4 e5 2. f4 exf4 3. Nf3 Nf6 4. e5 Nh5 5. Be2 d5 6. d4 Rg8 7. O-O g5 8. Qd3 Rg6 9. Nh4 Rh6 10. Bxh5 Rxh5 11. Nf5 Nc6 12. c3 Be6 13. Na3 Qd7 14. g4 Bxf5 15. gxf5 Ne7 16. Qe2 Rh6 17. f6 Nf5 18. Nc2 O-O-O 19. b4 Qe6 20. Rf2 Rh3 21. Bd2 Bh6 22. Ne1 Rg8 23. Nd3 b6 24. Rf3 Nxd4 25. cxd4 Qg4+ 26. Qg2 Qxf3 27. Nxf4 Qxg2+ 28. Kxg2 Ra3 29. Nxd5 Bf8 30. b5 Kd7 31. Be3 c6 32. bxc6+ Kxc6 33. Bc1 Kxd5 34. Bxa3 Bxa3 35. h4 gxh4+ 36. Kh3 Kxd4 37. e6 fxe6 38. Rd1+ Ke5 39. f7 Rf8 40. Rd7 a5 41. Kxh4 Kf6 0-1

[Event "BL2-Nord 9900"]
[Site "Germany"]
[Date "1999.12.12"]
[Round "3.2"]
[White "Bangiev, Alexander"]
[Black "Schunk, Thomas"]
[Result "1-0"]
[WhiteElo "2400"]
[BlackElo "2276"]
[PlyCount "127"]
[EventDate "1999.10.??"]
[Source "ChessBase"]
[SourceDate "2000.03.10"]

1. e4 e5 2. f4 exf4 3. Nf3 Nf6 4. e5 Nh5 5. d4 d5 6. Be2 Bg4 7. O-O g6 8. h3 Be6 9. Rf2 Be7 10. Nh2 Bh4 11. Rf1 Ng3 12. Rxf4 Bg5 13. Rf2 Ne4 14. Rf3 h5 15. Nd2 c5 16. c3 Nc6 17. Nb3 Rc8 18. Rf1 c4 19. Nc5 Nxc5 20. dxc5 Qe7 21. Nf3 Qxc5+ 22. Kh1 Be7 23. Bf4 b5 24. Qd2 b4 25. Bd1 Qa5 26. Bc2 Rg8 27. h4 Kd7 28. Qe1 bxc3 29. bxc3 Rb8 30. Ng5 Bxg5 31. Bxg5 Rb2 32. Rf2 Rb7 33. Qe3 Kc8 34. Qg3 Qa3 35. Bc1 Qa5 36. a4 Qc7 37. Bf4 Na5 38. Raf1 Nb3 39. Be3 Qc6 40. Bf5 Re7 41. Qg5 Qe8 42. Bxe6+ fxe6 43. a5 a6 44. Bb6 Kd7 45. Qh6 Qb8 46. Qe3 Qc8 47. Rf7 Qe8 48. R7f6 Qc8 49. R1f3 Kc6 50. Rf7 Qb7 51. Rf8 Re8 52. Rxg8 Rxg8 53. Qf2 Rg7 54. Rf8 Kb5 55. Kg1 Rd7 56. Qa2 d4 57. Bxd4 Kc6 58. Rf6 Re7 59. Bb6 Kd7 60. Rf8 Kc6 61. Rd8 Kb5 62. Qa3 Qe4 63. Qb4+ Kc6 64. Rc8+ 1-0

[Event "Arnold Cup"]
[Site "Gausdal NOR"]
[Date "1991.??.??"]
[Round "9"]
[White "Sowray, Peter J"]
[Black "Elseth, Roar"]
[Result "1/2-1/2"]
[WhiteElo "2330"]
[BlackElo "2345"]
[PlyCount "97"]
[EventDate "1991.04.??"]
[Source "www.chesslib.no"]
[SourceDate "2004.05.04"]

1. e4 e5 2. f4 exf4 3. Nf3 Nf6 4. e5 Nh5 5. d4 g5 6. g4 Ng7 7. Qe2 h5 8. Rg1 Be7 9. gxh5 Nxh5 10. Nc3 Kf8 11. Nd5 g4 12. Rxg4 d6 13. Rg1 Nc6 14. Nxe7 Qxe7 15. Bd2 dxe5 16. dxe5 Be6 17. a3 Rd8 18. O-O-O Qe8 19. Qb5 b6 20. Bc3 Rxd1+ 21. Kxd1 Qd7+ 22. Bd3 Rg8 23. Rxg8+ Kxg8 24. Kc1 Qd5 25. Qxd5 Bxd5 26. Ng5 Nd8 27. Bd2 Kg7 28. Kd1 f6 29. exf6+ Kxf6 30. h4 Ne6 31. Bc3+ Ke7 32. Be5 c6 33. c4 Bh1 34. Ke1 a6 35. Kf2 c5 36. Nf3 Nf6 37. Bf5 Nd7 38. Bc3 Nf6 39. Be5 Nd7 40. Bc3 Nf6 41. Bg6 Nf8 42. Bd3 Ne6 43. b4 Ng4+ 44. Ke2 Nf6 45. Bf5 Bg2 46. Kf2 Bh1 47. Ng5 Nxg5 48. hxg5 Ne4+ 49. Bxe4 1/2-1/2

[Event "Open, Lisbon POR"]
[Site "?"]
[Date "2001.??.??"]
[Round "5"]
[White "De la Villa Garcia, J."]
[Black "Wiese, HJ."]
[Result "1-0"]
[WhiteElo "2470"]
[BlackElo "2180"]
[PlyCount "41"]
[EventDate "2001.??.??"]
[Source "www.chesslib.no"]
[SourceDate "2004.05.04"]

1. e4 e5 2. f4 exf4 3. Nf3 Nf6 4. e5 Nh5 5. Be2 g5 6. O-O Rg8 7. d4 d5 8. c4 c6 9. Nc3 Be6 10. cxd5 cxd5 11. Qd3 Rg6 12. Nh4 gxh4 13. Bxh5 Rg5 14. Bf3 h3 15. Bxf4 hxg2 16. Rf2 Rg8 17. Qb5+ Nc6 18. Nxd5 Bxd5 19. Bxd5 Qd7 20. e6 fxe6 21. Bxe6 1-0

[Event "Antalya"]
[Site "Antalya"]
[Date "2001.04.08"]
[Round "11"]
[White "Erdogdu, Mert"]
[Black "Kraidman, Yair"]
[Result "1/2-1/2"]
[WhiteElo "2304"]
[BlackElo "2334"]
[PlyCount "124"]
[EventDate "2001.04.02"]
[Source "ChessBase"]
[SourceDate "2001.05.06"]

1. e4 e5 2. f4 exf4 3. Nf3 Nf6 4. e5 Nh5 5. d4 d5 6. Be2 g6 7. O-O Bh6 8. Ne1 Qh4 9. Nd2 Nc6 10. Ndf3 Qe7 11. Nd3 Bf5 12. Nc5 Nd8 13. Ne1 Qh4 14. c4 dxc4 15. Qa4+ Kf8 16. Qxc4 c6 17. d5 cxd5 18. Qxd5 Kg7 19. Nf3 Qe7 20. Nd4 Be6 21. Ncxe6+ Nxe6 22. Bxh5 Nxd4 23. Qxd4 Rhd8 24. Qf2 gxh5 25. Bxf4 Bxf4 26. Qxf4 Rd5 27. Rae1 Re8 28. Re3 Rxe5 29. Rxe5 Qxe5 30. Qxf7+ Kh8 31. Qxb7 Qe3+ 32. Kh1 Qf2 33. Qa6 Qxb2 34. Qxa7 Rg8 35. Qf2 Qxf2 36. Rxf2 h4 37. h3 Ra8 38. Kg1 Kg7 39. Kf1 Kg6 40. Ke1 Kg5 41. Kd1 h5 42. Kc1 Ra7 43. Kb1 Ra8 44. Rf3 Re8 45. Rc3 Kf4 46. a4 Re4 47. Rf3+ Ke5 48. Ra3 Re1+ 49. Kc2 Re2+ 50. Kd1 Rxg2 51. a5 Kd6 52. a6 Rg8 53. Ke2 Kc7 54. a7 Kb7 55. Ra5 Ka8 56. Rxh5 Kxa7 57. Rxh4 Kb7 58. Rc4 Rc8 59. Ra4 Kc7 60. Kf3 Kd7 61. Kg4 Ke7 62. Kg5 Kf7 1/2-1/2

[Event "Olimpiadi 2008 - open"]
[Site "Dresda GER"]
[Date "2008.11.21"]
[Round "8"]
[White "Liew Chee Meng Jimmy"]
[Black "Yarmonov, I."]
[Result "1-0"]
[WhiteElo "2306"]
[BlackElo "2322"]
[PlyCount "83"]
[EventDate "2008.11.13"]
[Source "www.chesslib.no"]
[SourceDate "2004.05.04"]

1. e4 e5 2. f4 exf4 3. Nf3 Nf6 4. Nc3 d5 5. e5 Nh5 6. d4 h6 7. Be2 Be6 8. O-O g5 9. Nxg5 hxg5 10. Bxh5 Nc6 11. g3 fxg3 12. hxg3 Be7 13. Be3 Qd7 14. Qf3 Rh7 15. g4 O-O-O 16. Rf2 Rdh8 17. Ne2 Rh6 18. Ng3 f6 19. Nf5 Bxf5 20. Qxf5 fxe5 21. dxe5 Re6 22. Bxg5 Bc5 23. Bf6 Rf8 24. Raf1 Nxe5 25. g5 Qd6 26. Kg2 Bxf2 27. Rxf2 Nd7 28. Bg4 Re4 29. Bh3 Re3 30. Kf1 c6 31. Bg4 Kc7 32. Qh7 Rg3 33. Bxd7 Kb6 34. Qe7 Qxe7 35. Bxe7 Rh8 36. Bf6 Rh1+ 37. Ke2 c5 38. Bd8+ Ka6 39. Bf5 b6 40. Be7 Rh8 41. Bf6 d4 42. Bxh8 1-0

[Event "BL2-S9697"]
[Site "Germany"]
[Date "1996.??.??"]
[Round "?"]
[White "Syska, Albert"]
[Black "Schlager, Thomas"]
[Result "0-1"]
[WhiteElo "2300"]
[BlackElo "2325"]
[PlyCount "96"]
[EventDate "1996.??.??"]
[Source "www.chesslib.no"]
[SourceDate "2004.05.04"]

1. e4 e5 2. f4 exf4 3. Nf3 Nf6 4. e5 Nh5 5. Qe2 Be7 6. d4 O-O 7. g4 fxg3 8. Nc3 d6 9. Bd2 Nc6 10. O-O-O Bg4 11. Qg2 dxe5 12. h3 Bxf3 13. Qxf3 exd4 14. Qxh5 dxc3 15. Bxc3 Bg5+ 16. Kb1 Qe7 17. Re1 Qc5 18. Bd3 g6 19. Qg4 Be3 20. Rxe3 Qxe3 21. Re1 Qc5 22. Qxg3 Rae8 23. Rd1 Nb4 24. Bf1 Rd8 25. Rc1 Rfe8 26. Qh4 Nd5 27. Bd4 Qe7 28. Qf2 b6 29. Bb5 c5 30. Bxe8 Rxe8 31. Qf3 Qe4 32. Qxe4 Rxe4 33. Bf2 Re2 34. Bg1 Nf4 35. h4 Nh3 36. a4 h5 37. a5 Nxg1 38. Rxg1 Re4 39. Rd1 bxa5 40. Rd5 Rxh4 41. Rxc5 Rh1+ 42. Ka2 h4 43. Rc4 h3 44. Rh4 h2 45. c4 g5 46. Rh5 g4 47. c5 g3 48. Rh3 Rg1 0-1

[Event "Winnipeg inv"]
[Site "Winnipeg CAN"]
[Date "1995.??.??"]
[Round "?"]
[White "Yoos, John C"]
[Black "Gentes, Kevin"]
[Result "1-0"]
[WhiteElo "2320"]
[BlackElo "2290"]
[PlyCount "71"]
[EventDate "1995.??.??"]
[Source "www.chesslib.no"]
[SourceDate "2004.05.04"]

1. e4 e5 2. f4 exf4 3. Nf3 Nf6 4. e5 Nh5 5. d4 d6 6. Qe2 dxe5 7. Nxe5 Qh4+ 8. g3 Nxg3 9. hxg3 Qxh1 10. Bxf4 Be7 11. Nc3 O-O 12. O-O-O Bh3 13. Bxh3 Qxh3 14. Qe4 Qe6 15. d5 f5 16. Qc4 Qa6 17. Nb5 Bd6 18. Qb3 Bxe5 19. Bxe5 Nd7 20. d6+ Kh8 21. Nxc7 Qb6 22. Qc3 Nxe5 23. Qxe5 Rad8 24. Ne6 Rf7 25. Nxd8 Qxd8 26. d7 Kg8 27. Qd4 b6 28. Qc4 a5 29. Rd6 g6 30. a3 g5 31. Qb5 Kg7 32. Qe5+ Kg8 33. Qe8+ Rf8 34. Re6 Kg7 35. Re7+ Kf6 36. Qxf8+ 1-0

[Event "Budapest FS08 IM-B"]
[Site "Budapest HUN"]
[Date "1995.??.??"]
[Round "5"]
[White "Gardner, Robert"]
[Black "Zupe, Miran"]
[Result "0-1"]
[WhiteElo "2185"]
[BlackElo "2415"]
[PlyCount "76"]
[EventDate "1995.08.??"]
[Source "www.chesslib.no"]
[SourceDate "2004.05.04"]

1. e4 e5 2. f4 exf4 3. Nf3 Nf6 4. e5 Nh5 5. d4 Be7 6. Bc4 g6 7. O-O O-O 8. Nc3 d6 9. Nd5 Be6 10. Nxe7+ Qxe7 11. Be2 Bg4 12. exd6 cxd6 13. d5 Nd7 14. b3 Rfe8 15. Bb5 a6 16. Bxd7 Bxd7 17. Qd4 Qe4 18. Qxe4 Rxe4 19. Ba3 Bg4 20. Bxd6 Rd8 21. Ng5 Rd4 22. c3 Rxd5 23. Bxf4 Be2 24. c4 Bxf1 25. cxd5 Bxg2 26. Bc7 Rxd5 27. Nxf7 Kxf7 28. Kxg2 Rd2+ 29. Kf3 Ke6 30. Ke3 Rc2 31. Bb8 Nf6 32. Kd3 Rg2 33. a4 Nd7 34. Re1+ Kd5 35. Bf4 g5 36. Bc7 h5 37. b4 Rg4 38. Kc3 Rc4+ 0-1

[Event "SWE Ch"]
[Site "Malmo SWE"]
[Date "1986.??.??"]
[Round "?"]
[White "Eriksson, Anders"]
[Black "Hartman, Christer"]
[Result "0-1"]
[WhiteElo "2265"]
[BlackElo "2335"]
[PlyCount "58"]
[EventDate "1986.07.??"]
[Source "www.chesslib.no"]
[SourceDate "2004.05.04"]

1. e4 e5 2. f4 exf4 3. Nf3 Nf6 4. e5 Nh5 5. Be2 g5 6. O-O Rg8 7. d4 d5 8. Qd3 Rg6 9. Nh4 Rh6 10. Bxh5 Rxh5 11. Nf5 Be6 12. g4 fxg3 13. Qxg3 g4 14. Qd3 Nc6 15. Be3 Rxf5 16. Rxf5 Nb4 17. Qf1 Nxc2 18. Rf2 Nxe3 19. Qb5+ Qd7 20. Qxb7 Rc8 21. Qb3 Nf5 22. Qd3 c5 23. Nd2 Bh6 24. Nf1 cxd4 25. a4 Rc4 26. a5 Be3 27. Nxe3 dxe3 28. Re2 Qc7 29. Rf1 Qxe5 0-1

[Event "Nationale II - Est"]
[Site "?"]
[Date "2002.11.17"]
[Round "3.2"]
[White "Paci Cedric"]
[Black "Costa Jean-Luc"]
[Result "1/2-1/2"]
[WhiteElo "2223"]
[BlackElo "2359"]
[PlyCount "87"]
[EventDate "2002.??.??"]
[Source "www.chesslib.no"]
[SourceDate "2004.05.04"]

1. e4 e5 2. f4 exf4 3. Nf3 Nf6 4. e5 Nh5 5. d4 d6 6. Qe2 d5 7. c4 dxc4 8. Qe4 Be6 9. Nc3 c6 10. Be2 g6 11. Bxf4 Bd5 12. Qe3 Nxf4 13. Qxf4 h5 14. O-O Bh6 15. Qg3 O-O 16. Rad1 Na6 17. h4 Bxf3 18. Bxf3 Nb4 19. Bxh5 Bg7 20. Be2 Nd3 21. Qg4 f5 22. exf6 Rxf6 23. Bxd3 cxd3 24. Rxf6 Qxf6 25. Rxd3 Re8 26. Rd1 Qd6 27. Ne2 Kh7 28. h5 Bh6 29. hxg6+ Qxg6 30. Qxg6+ Kxg6 31. Kf2 Rf8+ 32. Kg3 Re8 33. Kf2 Rf8+ 34. Kg3 Re8 35. Nc3 Bg7 36. Kf3 Rf8+ 37. Ke2 Rd8 38. Ke3 Bh6+ 39. Kf3 Bg7 40. Ke3 Bh6+ 41. Kf3 Rf8+ 42. Ke2 Re8+ 43. Kf3 Rf8+ 44. Ke2 1/2-1/2

[Event "CRO Ch"]
[Site "Porec CRO"]
[Date "1994.??.??"]
[Round "?"]
[White "Zelic, Mladen"]
[Black "Gliksman, Darko"]
[Result "1-0"]
[WhiteElo "2320"]
[BlackElo "2260"]
[PlyCount "81"]
[EventDate "1994.??.??"]
[Source "www.chesslib.no"]
[SourceDate "2004.05.04"]

1. e4 e5 2. f4 exf4 3. Nf3 Nf6 4. e5 Nh5 5. Be2 g6 6. O-O Bh6 7. d4 d5 8. exd6 Qxd6 9. Ne5 Ng7 10. Nc3 O-O 11. Ne4 Qe7 12. Bxf4 Bxf4 13. Rxf4 Bf5 14. Ng3 Nd7 15. Nxd7 Qe3+ 16. Rf2 Bxd7 17. Bf3 c6 18. Ne4 Rad8 19. Qd2 Qxd2 20. Rxd2 Ne6 21. c4 f5 22. Nd6 Bc8 23. Nxc8 Rxc8 24. d5 Ng5 25. d6 Nxf3+ 26. gxf3 c5 27. d7 Rcd8 28. Rd5 Rf6 29. Rad1 Rc6 30. Kf2 Kf7 31. Kg3 Rc7 32. Kf4 Ke6 33. Kg5 Rdxd7 34. Rxd7 Rxd7 35. Rxd7 Kxd7 36. f4 Ke6 37. Kh6 Kf7 38. Kxh7 Kf6 39. h4 Kf7 40. Kh6 Kf6 41. h5 1-0

[Event "SCO Ch"]
[Site "Troon"]
[Date "1990.??.??"]
[Round "5"]
[White "Holmes, Donald A"]
[Black "Mannion, Stephen R"]
[Result "0-1"]
[WhiteElo "2260"]
[BlackElo "2315"]
[PlyCount "82"]
[EventDate "1990.07.??"]
[Source "www.chesslib.no"]
[SourceDate "2004.05.04"]

1. e4 e5 2. f4 exf4 3. Nf3 Nf6 4. e5 Ne4 5. Qe2 Ng5 6. Nxg5 Qxg5 7. d4 Qh4+ 8. Qf2 Qxf2+ 9. Kxf2 Nc6 10. c3 d6 11. exd6 Bxd6 12. Nd2 Bf5 13. Nc4 g5 14. Nxd6+ cxd6 15. h4 f6 16. hxg5 fxg5 17. g3 fxg3+ 18. Kxg3 Kd7 19. Rh6 Raf8 20. Bd2 Ne7 21. Bg2 Be6 22. Rh5 h6 23. Be4 Nf5+ 24. Bxf5 Rxf5 25. Re1 Bd5 26. Re3 Rf1 27. Re1 Rf3+ 28. Kg4 Rf2 29. Bc1 Be6+ 30. Kg3 Rhf8 31. Rxe6 Kxe6 32. Rxh6+ Kd5 33. Bxg5 Rxb2 34. Be7 Rg8+ 35. Kf3 Rb6 36. Bh4 Rc6 37. Be1 Ra6 38. Rh5+ Kc4 39. Rh2 Re8 40. Bg3 Kxc3 41. d5 Kc4 0-1

[Event "BCF Ch"]
[Site "Norwich ENG"]
[Date "1994.??.??"]
[Round "7"]
[White "Tebb, David"]
[Black "Piper, Matthew"]
[Result "0-1"]
[WhiteElo "2290"]
[BlackElo "2265"]
[PlyCount "88"]
[EventDate "1994.08.??"]
[Source "www.chesslib.no"]
[SourceDate "2004.05.04"]

1. e4 e5 2. f4 exf4 3. Nf3 Nf6 4. e5 Nh5 5. d4 d5 6. c4 c6 7. Nc3 Be6 8. cxd5 cxd5 9. Be2 Rg8 10. Qd3 g6 11. Qb5+ Qd7 12. Ng5 Nc6 13. Nxh7 Be7 14. Bxh5 gxh5 15. Bxf4 Rxg2 16. Qf1 Rxb2 17. Na4 Bh3 18. Qg1 Rg2 19. Qe3 Bb4+ 20. Nc3 O-O-O 21. Ng5 Rc2 22. Qxh3 Qxh3 23. Nxh3 Bxc3+ 24. Kd1 Bxa1 25. Kxc2 Bxd4 26. Re1 Re8 27. Ng5 f6 28. Nf7 Kd7 29. Nd6 Re6 30. Nf5 fxe5 31. Bg5 Bb6 32. h4 Nd4+ 33. Nxd4 Bxd4 34. Rf1 Rc6+ 35. Kd3 Rc3+ 36. Kd2 Ra3 37. Rf7+ Kc6 38. Rf6+ Kc5 39. Rh6 Rxa2+ 40. Kd1 Kc4 41. Rh7 Kd3 42. Rxb7 Ra1+ 43. Bc1 Be3 44. Rb3+ Kd4 0-1

[Event "8. WUCC"]
[Site "?"]
[Date "2004.09.07"]
[Round "4"]
[White "Gutierrez Renzo"]
[Black "Mihalincic Tomislav"]
[Result "1-0"]
[WhiteElo "2289"]
[BlackElo "2266"]
[PlyCount "51"]
[EventDate "2004.??.??"]
[Source "www.chesslib.no"]
[SourceDate "2004.05.04"]

1. e4 e5 2. f4 exf4 3. Nf3 Nf6 4. e5 Nh5 5. d4 d6 6. Bc4 Be6 7. Bxe6 fxe6 8. O-O d5 9. g4 fxg3 10. Ng5 g6 11. Qg4 gxh2+ 12. Kxh2 Qd7 13. Nxe6 Nc6 14. Bg5 Be7 15. Bxe7 Nxe7 16. c4 Nf5 17. Nc5 Qc8 18. Nc3 b6 19. e6 O-O 20. Nxd5 Nhg3 21. Nd7 Nxf1+ 22. Rxf1 Nh6 23. Qg5 Nf5 24. Rxf5 Rxf5 25. Ne7+ Kh8 26. Nxf5 1-0

[Event "15. Open"]
[Site "?"]
[Date "2004.07.10"]
[Round "1"]
[White "Bilbija Istok"]
[Black "Ivanisevic Ivan"]
[Result "0-1"]
[WhiteElo "2009"]
[BlackElo "2544"]
[PlyCount "80"]
[EventDate "2004.??.??"]
[Source "www.chesslib.no"]
[SourceDate "2004.05.04"]

1. e4 e5 2. f4 exf4 3. Nf3 Nf6 4. e5 Nh5 5. Bc4 d5 6. exd6 Bxd6 7. O-O O-O 8. d4 c5 9. Ne5 Bxe5 10. dxe5 Qxd1 11. Rxd1 Bg4 12. Re1 Nc6 13. Bd5 Nd4 14. Na3 Rab8 15. c3 Ne2+ 16. Kf2 Nxc1 17. Raxc1 Rfd8 18. Bf3 Bxf3 19. Kxf3 Rd3+ 20. Ke2 Rd5 21. Kf1 Kf8 22. e6 Re8 23. exf7 Rxe1+ 24. Rxe1 Kxf7 25. Nc4 Nf6 26. Na5 b6 27. Nc6 Rd2 28. Ne5+ Kf8 29. Re2 Rd1+ 30. Re1 Rxe1+ 31. Kxe1 g5 32. Ke2 a6 33. a4 Ke7 34. Nc4 Nd5 35. Kf3 Ke6 36. h4 gxh4 37. Ke4 Ne3 38. Nxe3 fxe3 39. Kxe3 Kf5 40. Kf3 c4 0-1

[Event "CZE Tschechien Ch"]
[Site "Prague CZE"]
[Date "1994.??.??"]
[Round "6"]
[White "Zvara, Petr"]
[Black "Hala, Bohumil"]
[Result "1/2-1/2"]
[WhiteElo "2325"]
[BlackElo "2220"]
[PlyCount "97"]
[EventDate "1994.??.??"]
[Source "www.chesslib.no"]
[SourceDate "2004.05.04"]

1. e4 e5 2. f4 exf4 3. Nf3 Nf6 4. e5 Nh5 5. Be2 g5 6. O-O Rg8 7. d4 d5 8. exd6 Bxd6 9. c4 c6 10. c5 Bc7 11. Nc3 Be6 12. Ne5 Nf6 13. b4 Bxe5 14. dxe5 Qxd1 15. Rxd1 Nd5 16. Ne4 Nd7 17. b5 Ke7 18. Bb2 g4 19. Bd4 f3 20. Bf1 fxg2 21. Bxg2 Nf4 22. Nf6 Nxg2 23. Nxg8+ Rxg8 24. bxc6 Nh4 25. cxd7 Bxd7 26. Kf2 Bc6 27. Be3 Nf5 28. Bf4 h5 29. Rab1 Ke6 30. Rd2 h4 31. Rb3 g3+ 32. hxg3 Rg4 33. Rbd3 hxg3+ 34. Bxg3 Nxg3 35. Rxg3 Rf4+ 36. Ke2 Kxe5 37. Re3+ Be4 38. Rd7 Kf6 39. Rd4 Ke5 40. Ra4 a6 41. c6 bxc6 42. Rxa6 Rh4 43. Kd2 Kd4 44. Ra8 f5 45. Rd8+ Bd5 46. Rd3+ Kc4 47. Rc3+ Kd4 48. Rd3+ Kc4 49. Rc3+ 1/2-1/2

[Event "VL Nord 9900"]
[Site "Baden"]
[Date "1999.11.28"]
[Round "3.3"]
[White "Haas, Stefan"]
[Black "Schlager, Thomas"]
[Result "1-0"]
[WhiteElo "2240"]
[BlackElo "2285"]
[PlyCount "70"]
[EventDate "1999.??.??"]
[Source "www.chesslib.no"]
[SourceDate "2004.05.04"]

1. e4 e5 2. f4 exf4 3. Nf3 Nf6 4. e5 Nh5 5. Be2 g6 6. O-O Bg7 7. d4 d6 8. Nc3 O-O 9. Ne1 dxe5 10. dxe5 Qxd1 11. Nxd1 Nc6 12. Bxh5 gxh5 13. Nd3 Bf5 14. Nxf4 Bg6 15. Ne3 Nxe5 16. Nfd5 Rad8 17. Nf5 Bxf5 18. Ne7+ Kh8 19. Nxf5 Bf6 20. Bf4 Ng6 21. Bh6 Rfe8 22. c3 Re5 23. Rf2 Rde8 24. Raf1 Re1 25. Ng3 Bh4 26. Rxf7 Bxg3 27. hxg3 Rxf1+ 28. Kxf1 Re7 29. Rf5 Re5 30. Rxe5 Nxe5 31. Bf4 Nd3 32. b3 c6 33. Ke2 Nc5 34. Be3 Ne4 35. Kf3 Nxc3 1-0

[Event "ARAEQ1 op"]
[Site "?"]
[Date "1997.??.??"]
[Round "?"]
[White "Gimeno Oteo Marco Antonio"]
[Black "Gil Capape Javier"]
[Result "0-1"]
[WhiteElo "2085"]
[BlackElo "2435"]
[PlyCount "56"]
[EventDate "1997.??.??"]
[Source "www.chesslib.no"]
[SourceDate "2004.05.04"]

1. e4 e5 2. f4 exf4 3. Nf3 Nf6 4. e5 Nh5 5. d4 d5 6. Bd3 c5 7. c3 Nc6 8. O-O g6 9. Na3 Be7 10. Nc2 O-O 11. Be2 Bg4 12. Nfe1 Bxe2 13. Qxe2 Qb6 14. Kh1 cxd4 15. Nd3 dxc3 16. bxc3 Qb5 17. Bxf4 Nxf4 18. Rxf4 Bg5 19. Rg4 Bh6 20. Rf1 Nxe5 21. c4 Nxc4 22. Nd4 Qe8 23. Qf2 Ne3 24. Rh4 Bg5 25. Re1 Bxh4 26. Qxh4 Qe4 27. Qxe4 dxe4 28. Nc5 Rad8 0-1

[Event "Prague Viktoria-B"]
[Site "Prague CZE"]
[Date "1991.??.??"]
[Round "8"]
[White "Ramik, Zdenek"]
[Black "Subrt, Jaroslav"]
[Result "1-0"]
[WhiteElo "2240"]
[BlackElo "2265"]
[PlyCount "37"]
[EventDate "1991.??.??"]
[Source "www.chesslib.no"]
[SourceDate "2004.05.04"]

1. e4 e5 2. f4 exf4 3. Nf3 Nf6 4. e5 Nh5 5. d4 d5 6. Be2 Bg4 7. O-O g6 8. c4 Nc6 9. Nc3 dxc4 10. d5 Bc5+ 11. Kh1 Bxf3 12. Bxf3 Ng3+ 13. hxg3 fxg3 14. Bg4 Qh4+ 15. Bh3 Nxe5 16. Qe2 Bd6 17. Bf4 f6 18. Ne4 O-O 19. Bxg3 1-0

[Event "Skopje ol (Men)"]
[Site "Skopje MKD"]
[Date "1972.10.11"]
[Round "14.2"]
[White "Durao, Joaquim"]
[Black "Matsumoto, Yasuji"]
[Result "1-0"]
[WhiteElo "2295"]
[BlackElo "2200"]
[PlyCount "81"]
[EventDate "1972.09.??"]
[Source "www.chesslib.no"]
[SourceDate "2004.05.04"]

1. e4 e5 2. f4 exf4 3. Nf3 Nf6 4. Nc3 d5 5. e5 Ne4 6. d3 Nxc3 7. bxc3 g5 8. Be2 Nc6 9. O-O Rg8 10. d4 Be6 11. Rb1 Na5 12. Ne1 b6 13. Qd3 Rg7 14. g3 Qd7 15. Qf3 Bf5 16. Bd3 Bxd3 17. cxd3 c5 18. gxf4 g4 19. Qg2 Nc6 20. dxc5 Bxc5+ 21. d4 Bf8 22. f5 O-O-O 23. Nd3 h5 24. Bh6 Rg8 25. Bxf8 Rdxf8 26. a4 Ne7 27. f6 Nf5 28. Qf2 Rg5 29. Qf4 Rfg8 30. a5 Nh4 31. axb6 axb6 32. Rxb6 Qc7 33. Rb5 Rf5 34. Qxf5+ Nxf5 35. Rc5 Nh4 36. Rxc7+ Kxc7 37. Nf4 Nf3+ 38. Kh1 Kc6 39. e6 fxe6 40. Nxe6 Ra8 41. f7 1-0

[Event "Tournament (youth)"]
[Site "St. Petersburg (Russia)"]
[Date "2008.01.12"]
[Round "8"]
[White "Zhukov Klim (RUS)"]
[Black "Bogachev Sergey (RUS)"]
[Result "1-0"]
[WhiteElo "2154"]
[BlackElo "2327"]
[PlyCount "49"]
[EventDate "2008.??.??"]
[Source "www.chesslib.no"]
[SourceDate "2004.05.04"]

1. e4 e5 2. f4 exf4 3. Nf3 Nf6 4. e5 Nd5 5. c4 Nb6 6. d4 Bb4+ 7. Nc3 Nc6 8. Bxf4 O-O 9. Bd3 d6 10. Qc2 g6 11. Bg5 Nxd4 12. Qd2 Nxf3+ 13. gxf3 Bxc3 14. bxc3 Qe8 15. O-O-O Qxe5 16. Rde1 Qa5 17. Bh6 Rd8 18. Bxg6 fxg6 19. Qd4 Qa3+ 20. Kd1 Qa4+ 21. Kc1 Qd7 22. Qf6 d5 23. Re7 Qxe7 24. Qxe7 Rd7 25. Qf8# 1-0

[Event "Serbia-ch"]
[Site "Kragujevac"]
[Date "2000.02.19"]
[Round "1"]
[White "Kolbert, Engelbert"]
[Black "Brkljaca, Ante"]
[Result "0-1"]
[WhiteElo "2124"]
[BlackElo "2353"]
[PlyCount "64"]
[EventDate "2000.02.19"]
[Source "www.chesslib.no"]
[SourceDate "2004.05.04"]

1. e4 e5 2. f4 exf4 3. Nf3 Nf6 4. Bc4 d5 5. exd5 Be7 6. Nc3 Nbd7 7. d4 Nb6 8. Bb5+ Bd7 9. Bxd7+ Qxd7 10. Ne5 Qd8 11. Bxf4 O-O 12. O-O Nbxd5 13. Nxd5 Nxd5 14. Bd2 c5 15. c3 cxd4 16. cxd4 Qb6 17. Bc3 Ne3 18. Qf3 Nxf1 19. Rxf1 Rad8 20. Kh1 Bf6 21. Qg4 Qe6 22. Qg3 Bxe5 23. dxe5 Rd5 24. h3 Qg6 25. Qf2 b6 26. Re1 Rfd8 27. Re3 Rd3 28. Qh4 h6 29. Re4 Qg3 30. Qxg3 Rxg3 31. e6 fxe6 32. Rxe6 Rgd3 0-1

[Event "NOR Ch"]
[Site "Norway"]
[Date "1994.??.??"]
[Round "8"]
[White "Gabrielsen, Trond"]
[Black "Moen, Ole-Christian"]
[Result "1-0"]
[WhiteElo "2220"]
[BlackElo "2245"]
[PlyCount "61"]
[EventDate "1994.??.??"]
[Source "www.chesslib.no"]
[SourceDate "2004.05.04"]

1. e4 e5 2. f4 exf4 3. Nf3 Nf6 4. e5 Nh5 5. d4 Be7 6. Be2 Bh4+ 7. Kf1 g6 8. Nxh4 Qxh4 9. Bxh5 gxh5 10. Nc3 d6 11. Nd5 Bg4 12. Qd3 f3 13. gxf3 Bh3+ 14. Ke2 Nc6 15. Nf6+ Ke7 16. Bf4 dxe5 17. Nd5+ Kd7 18. dxe5 Rad8 19. Rag1 h6 20. Rg7 Be6 21. Bg3 Qd4 22. Rd1 Qxb2 23. Qb3 Qd4 24. c4 Qc5 25. Bf2 Qa5 26. Be1 Qc5 27. Bf2 Qf8 28. Qxb7 Qxg7 29. Qxc7+ Ke8 30. Nf6+ Qxf6 31. Qxc6+ 1-0

[Event "Reykjavik op"]
[Site "Reykjavik"]
[Date "1996.??.??"]
[Round "1"]
[White "Yoos, John C"]
[Black "Schubert, Hans Joachim"]
[Result "1/2-1/2"]
[WhiteElo "2345"]
[BlackElo "2120"]
[PlyCount "34"]
[EventDate "1996.03.??"]
[Source "ChessBase"]

1. e4 e5 2. f4 exf4 3. Nf3 Nf6 4. e5 Nh5 5. Qe2 Be7 6. d4 O-O 7. Bd2 Bh4+ 8. Kd1 d6 9. Nc3 Bg4 10. exd6 Nc6 11. Qc4 cxd6 12. Be2 Re8 13. Rf1 Rc8 14. Nxh4 Qxh4 15. Bxf4 Nxf4 16. Rxf4 Bxe2+ 17. Nxe2 Qe7 1/2-1/2

[Event "SLO-chT"]
[Site "Ljubljana"]
[Date "1997.??.??"]
[Round "?"]
[White "Susnik, Matej"]
[Black "Srebrnic, Vojko"]
[Result "1-0"]
[WhiteElo "2235"]
[BlackElo "2225"]
[PlyCount "88"]
[EventDate "1997.07.??"]
[Source "ChessBase"]
[SourceDate "1998.03.09"]

1. e4 e5 2. f4 exf4 3. Nf3 Nf6 4. e5 Nh5 5. Be2 d6 6. O-O dxe5 7. Nxe5 Qd4+ 8. Kh1 Qxe5 9. Bxh5 Be6 10. d4 Qa5 11. Re1 g6 12. d5 gxh5 13. dxe6 Bd6 14. exf7+ Kxf7 15. Bxf4 Nc6 16. Bxd6 cxd6 17. Nc3 Rhe8 18. Qxd6 Rad8 19. Qf4+ Kg7 20. Rxe8 Rxe8 21. Rf1 Nd8 22. Qf6+ Kg8 23. g3 Qe5 24. Qxe5 Rxe5 25. Rd1 Nc6 26. Kg2 Re7 27. Rd2 Kf7 28. Nd5 Re4 29. Nf4 h4 30. Rd7+ Re7 31. Rxe7+ Kxe7 32. g4 Nb4 33. Kh3 Nxc2 34. Kxh4 Ne3 35. Kg3 Kf6 36. Kf3 Nc4 37. Nd3 Nd2+ 38. Kf4 Nc4 39. h4 Nd6 40. Nc5 Kf7 41. b3 b6 42. Ne4 Nb5 43. Ke5 Ke7 44. Nf6 Nc3 1-0

[Event "6th HIT Open, Nova Gorica SLO"]
[Site "?"]
[Date "2001.??.??"]
[Round "2"]
[White "Petrovic, Ma"]
[Black "Srebrnic, V."]
[Result "0-1"]
[WhiteElo "2210"]
[BlackElo "2240"]
[PlyCount "48"]
[EventDate "2001.??.??"]
[Source "www.chesslib.no"]
[SourceDate "2004.05.04"]

1. e4 e5 2. f4 exf4 3. Nf3 Nf6 4. e5 Nh5 5. Bc4 d6 6. Qe2 d5 7. Bb3 Be7 8. O-O O-O 9. d4 c6 10. c4 dxc4 11. Bxc4 Bg4 12. e6 Bxf3 13. exf7+ Kh8 14. Rxf3 Qxd4+ 15. Kf1 Bc5 16. Be3 fxe3 17. Rxe3 Qxe3 18. Qxe3 Bxe3 19. Nc3 Nd7 20. Re1 Bd2 21. Re7 Nb6 22. Be2 Bxc3 23. bxc3 Nf4 24. Bg4 Rab8 0-1